Превратности любви. Три новеллы. Письма незнакомке: Пер. с фр.

Dettagli Bibliografici
Autore principale: Моруа А. Андре
Lingua:russo
Pubblicazione: Минск, Мастацкая лiтаратура, 1988
Soggetti:
Natura: MixedMaterials Libro
KOHA link:https://koha.lib.tpu.ru/cgi-bin/koha/opac-detail.pl?biblionumber=116518

MARC

LEADER 00000nam0a2200000 4500
001 116518
005 20231101215331.0
010 |a 5340003752 
020 |a RU  |b 88-62948 
035 |a (RuTPU)RU\TPU\book\126096 
090 |a 116518 
100 |a 20070523d1988 m y0rusy5003 ca 
101 1 |a rus  |c fre 
102 |a BY 
105 |a y z 000ay 
200 1 |a Превратности любви. Три новеллы. Письма незнакомке  |e Пер. с фр.  |f А. Моруа 
210 |a Минск  |c Мастацкая лiтаратура  |d 1988 
215 |a 351,[1] с.  |d 22 см 
327 1 |a Содерж.: Превратности любви: Роман; Три новеллы: Возвращение пленного; Биография; Ариадна, сестра...; Письма незнакомке 
610 1 |a французская литература 
610 1 |a романы 
610 1 |a новеллы 
675 |a 84  |z rus  |v 3 
700 1 |a Моруа  |b А.  |c французский писатель  |c настоящее имя Эмиль Эрзог  |f 1885-1967  |g Андре  |2 stltpush  |3 (RuTPU)RU\TPU\pers\46431  |4 070  |9 22107 
801 0 |a RU  |b RuMRKP  |c 19950417  |g psbo 
801 1 |a RU  |b 63413507  |c 20070523  |g PSBO 
801 2 |a RU  |b 63413507  |c 20200529  |g PSBO 
942 |c BK